000 00445nam a22001217a 4500
082 _a200 THE
100 _aKhizer Ahmed Zaki
_970134
245 _aTH-SOF-1270-A Business Process Improvement Model for Automobile Parts Manufacturing Industry-A Case Study of Metaline Manufacturing Company Ltd
260 _aIslamabad
_bNUST College of EME
_c2016
650 _aMS-EM-8 MSTHESIS
700 _aSupervisor Dr. Muhammad Saleem
_970135
942 _cCF
999 _c577165
_d577165